• 首页
  • 本馆介绍
  • 公告通知
  • 最新文献
  • 馆藏检索
  • 电子资源
  • 读者导购
  • 参考咨询
  • 我的图书馆
  • 登录
  • 详细信息显示
  • 放入我的书架
  • 预约/预借图书
  • 作者相关作品
  • 分类相关作品
  • 丛书相关作品
  • 出版社相关作品

书目信息

  • 表格格式
  • 工作单格式
  • 卡片格式
题名:
舞蹈批评学研究
    
 
作者: 吕艺生 主编
分册: 上  
出版信息: 上海   上海音乐出版社  2012.12
页数: 338页
开本: 24cm
丛书名: 北京舞蹈学院舞蹈学学科建设丛书
单 册:
中图分类: J705.2-53
科图分类:
主题词: 舞蹈评论--中国--文集 , 舞蹈评论
电子资源:
ISBN: 978-7-5523-0066-6
000 01030oam2 2200289 450
001 0000500021378
005 20180917155948.89
010    @a978-7-5523-0066-6@dCNY59.00,CNY118.00(全2册)
100    @a20130106d2012 em y0chiy50 ea
101 0  @achi@eeng
102    @aCN@b310000
105    @aak z 000yy
106    @ar
200 1  @a舞蹈批评学研究@9wu dao pi ping xue yan jiu@h上@f吕艺生主编
210    @a上海@c上海音乐出版社@d2012.12
215    @a338页@c图@d24cm
225 2  @a北京舞蹈学院舞蹈学学科建设丛书
312    @a封面英文题名:The dance criticism study
330    @a本书系舞蹈批评文集,全书内容分为上下两册,共有四编:文艺批评的理论与方法、舞蹈批评的理论与方法研究、舞蹈批评与舞蹈创作研究、舞蹈评论与作品分析。
461  0 @12001 @a北京舞蹈学院舞蹈学学科建设丛书
510 1  @aDance criticism study@zeng
606 0  @a舞蹈评论@y中国@j文集
606 0  @a舞蹈评论
690    @aJ705.2-53@v5
701  0 @a吕艺生@9lu^ yi sheng@4主编
801  0 @aCN@bRENTIAN@c20130106
905    @b1092220-23@dJ705.2-53@e207:1@f4
    
    舞蹈批评学研究.上/吕艺生主编.-上海:上海音乐出版社,2012.12
    338页:图;24cm.-(北京舞蹈学院舞蹈学学科建设丛书)
    
    
    ISBN 978-7-5523-0066-6:CNY59.00,CNY118.00(全2册)
    本书系舞蹈批评文集,全书内容分为上下两册,共有四编:文艺批评的理论与方法、舞蹈批评的理论与方法研究、舞蹈批评与舞蹈创作研究、舞蹈评论与作品分析。
●
相关链接 在E读中查询图书 在五车中查询图书 在当当中查询图书 在豆瓣中查询图书


正题名:舞蹈批评学研究     索取号:J705.2-53/207:1         预约/预借

序号 登录号 条形码 馆藏地/架位号 状态 备注
1 1092220   210922206   第一样本阅览室/ [索取号:J705.2-53/207:1] 在馆    
2 1092221   210922215   教育系资料室/ [索取号:J705.2-53/207:1] 在馆    
3 1092222   210922224   教育系资料室/ [索取号:J705.2-53/207:1] 在馆    
4 1092223   210922233   第一借阅区/ [索取号:J705.2-53/207:1] 在馆    
唐山师范学院图书馆 欢迎您!
大连网信软件有限公司© 版权所有